<?xml version="1.0" encoding="UTF-8"?>
<record
    xmlns:xsi="http://www.w3.org/2001/XMLSchema-instance"
    xsi:schemaLocation="http://www.loc.gov/MARC21/slim http://www.loc.gov/standards/marcxml/schema/MARC21slim.xsd"
    xmlns="http://www.loc.gov/MARC21/slim">

  <leader>01044nam0a22002651  4500</leader>
  <controlfield tag="001">rc\1010939</controlfield>
  <controlfield tag="005">20250622075228.0</controlfield>
  <datafield tag="035" ind1=" " ind2=" ">
    <subfield code="a">(NLR Aleph) 006176487</subfield>
  </datafield>
  <datafield tag="090" ind1=" " ind2=" ">
    <subfield code="a">6019978</subfield>
    <subfield code="c">6019978</subfield>
  </datafield>
  <datafield tag="100" ind1=" " ind2=" ">
    <subfield code="a">20041129d1981    |||y0rusy50      ca</subfield>
  </datafield>
  <datafield tag="101" ind1="0" ind2=" ">
    <subfield code="a">rus</subfield>
  </datafield>
  <datafield tag="102" ind1=" " ind2=" ">
    <subfield code="a">RU</subfield>
  </datafield>
  <datafield tag="105" ind1=" " ind2=" ">
    <subfield code="a">y   |||||||||</subfield>
  </datafield>
  <datafield tag="200" ind1="1" ind2=" ">
    <subfield code="a">&#x41F;&#x440;&#x43E;&#x444;&#x438;&#x43B;&#x430;&#x43A;&#x442;&#x438;&#x43A;&#x430; &#x43F;&#x440;&#x430;&#x432;&#x43E;&#x43D;&#x430;&#x440;&#x443;&#x448;&#x435;&#x43D;&#x438;&#x439; &#x432; &#x433;&#x43E;&#x440;&#x43E;&#x434;&#x435;-&#x43D;&#x43E;&#x432;&#x43E;&#x441;&#x442;&#x440;&#x43E;&#x439;&#x43A;&#x435;</subfield>
    <subfield code="e">(&#x412;&#x43E;&#x43F;&#x440;. &#x43F;&#x435;&#x440;&#x435;&#x434;&#x43E;&#x432;&#x43E;&#x433;&#x43E; &#x43E;&#x43F;&#x44B;&#x442;&#x430;)</subfield>
    <subfield code="e">&#x423;&#x447;&#x435;&#x431;. &#x43F;&#x43E;&#x441;&#x43E;&#x431;&#x438;&#x435;</subfield>
  </datafield>
  <datafield tag="210" ind1=" " ind2=" ">
    <subfield code="a">&#x41C;&#x438;&#x43D;&#x441;&#x43A;</subfield>
    <subfield code="c">&#x41D;&#x430;&#x443;&#x447;.-&#x438;&#x441;&#x441;&#x43B;&#x435;&#x434;. &#x438; &#x440;&#x435;&#x434;.-&#x438;&#x437;&#x434; &#x43E;&#x442;&#x434;. &#x41C;&#x438;&#x43D;. &#x432;&#x44B;&#x441;&#x448;. &#x448;&#x43A;&#x43E;&#x43B;&#x44B; &#x41C;&#x412;&#x414;</subfield>
    <subfield code="d">1981</subfield>
  </datafield>
  <datafield tag="215" ind1=" " ind2=" ">
    <subfield code="a">120 &#x441;.</subfield>
    <subfield code="d">20</subfield>
  </datafield>
  <datafield tag="300" ind1=" " ind2=" ">
    <subfield code="a">&#x41D;&#x430; &#x43E;&#x431;&#x43E;&#x440;&#x43E;&#x442;&#x435; &#x442;&#x438;&#x442;. &#x43B;. &#x430;&#x432;&#x442;.: &#x41C;.&#x418;. &#x417;&#x44B;&#x440;&#x438;&#x43D;, &#x43A;. &#x44E;. &#x43D;., &#x434;&#x43E;&#x446;.</subfield>
  </datafield>
  <datafield tag="300" ind1=" " ind2=" ">
    <subfield code="a">&#x412; &#x43D;&#x430;&#x434;&#x437;&#x430;&#x433;.: &#x41C;-&#x432;&#x43E; &#x432;&#x43D;&#x443;&#x442;&#x440;. &#x434;&#x435;&#x43B; &#x421;&#x421;&#x421;&#x420;, &#x41C;&#x438;&#x43D;. &#x432;&#x44B;&#x441;&#x448;. &#x448;&#x43A;&#x43E;&#x43B;&#x430;</subfield>
  </datafield>
  <datafield tag="333" ind1=" " ind2=" ">
    <subfield code="a">&#x414;&#x421;&#x41F;. &#x42D;&#x43A;&#x437;. &#x2116; 1493</subfield>
  </datafield>
  <datafield tag="700" ind1=" " ind2="1">
    <subfield code="a">&#x417;&#x44B;&#x440;&#x438;&#x43D;</subfield>
    <subfield code="b">&#x41C;.&#x418;.</subfield>
    <subfield code="g">&#x41C;&#x438;&#x445;&#x430;&#x438;&#x43B; &#x418;&#x432;&#x430;&#x43D;&#x43E;&#x432;&#x438;&#x447;</subfield>
  </datafield>
  <datafield tag="801" ind1=" " ind2="0">
    <subfield code="a">RU</subfield>
    <subfield code="b">NLR</subfield>
    <subfield code="g">psbo</subfield>
  </datafield>
  <datafield tag="801" ind1=" " ind2="1">
    <subfield code="a">RU</subfield>
    <subfield code="b">ELAR</subfield>
    <subfield code="2">rusmarc</subfield>
  </datafield>
  <datafield tag="852" ind1=" " ind2=" ">
    <subfield code="a">NLR</subfield>
    <subfield code="j">81-50&#x41A;/4536</subfield>
  </datafield>
  <datafield tag="942" ind1=" " ind2=" ">
    <subfield code="c">BOOK</subfield>
  </datafield>
  <datafield tag="980" ind1=" " ind2=" ">
    <subfield code="a">NB</subfield>
  </datafield>
  <datafield tag="995" ind1=" " ind2=" ">
    <subfield code="5">2013-10-26</subfield>
    <subfield code="b">NLR01</subfield>
    <subfield code="c">NLR01</subfield>
    <subfield code="e">NZ5</subfield>
    <subfield code="f">6176487-10</subfield>
    <subfield code="k">81-50&#x41A;/4536</subfield>
    <subfield code="o">0</subfield>
    <subfield code="r">BOOK</subfield>
    <subfield code="s">81504536_</subfield>
  </datafield>
</record>
